000 00252nam a22001217a 4500
008 190304b xxu||||| |||| 00| 0 eng d
041 _aeng
080 _a573
100 _a11
101 _aBIO
245 _aParasitology
_cNoble,E.R
942 _2udc
_cBK
999 _c54428
_d54428